<?xml version="1.0" encoding="UTF-8"?>
<record
    xmlns:xsi="http://www.w3.org/2001/XMLSchema-instance"
    xsi:schemaLocation="http://www.loc.gov/MARC21/slim http://www.loc.gov/standards/marcxml/schema/MARC21slim.xsd"
    xmlns="http://www.loc.gov/MARC21/slim">

  <leader>02182nas a2200373 i 4500</leader>
  <controlfield tag="003">DR-UNIBE</controlfield>
  <controlfield tag="005">20260427142122.0</controlfield>
  <controlfield tag="007">ta</controlfield>
  <controlfield tag="008">260427e2024    dr an|p|r||||||0| | spa d</controlfield>
  <datafield tag="022" ind1=" " ind2=" ">
    <subfield code="a">2960-7876</subfield>
  </datafield>
  <datafield tag="040" ind1=" " ind2=" ">
    <subfield code="a">Biblioteca UNIBE</subfield>
    <subfield code="b">spa</subfield>
    <subfield code="c">Biblioteca UNIBE</subfield>
    <subfield code="d">DO-SdBNP</subfield>
    <subfield code="e">rda</subfield>
  </datafield>
  <datafield tag="041" ind1=" " ind2=" ">
    <subfield code="a">spa</subfield>
  </datafield>
  <datafield tag="245" ind1="0" ind2="0">
    <subfield code="a">Dominicanos en el exterior : </subfield>
    <subfield code="b">informe del registro sociodemogr&#xE1;fico de los dominicanos residentes en el exterior.</subfield>
  </datafield>
  <datafield tag="264" ind1=" " ind2=" ">
    <subfield code="a">Santo Domingo, Rep&#xFA;blica Dominicana :</subfield>
    <subfield code="b">Instituto de Dominicanos y Dominicanas en el Exterior (INDEX).</subfield>
    <subfield code="b">Ministerio de Relaciones Exteriores (MIREX). Viceministerio para las Comunidades en el Exterior,</subfield>
    <subfield code="c">2024. </subfield>
  </datafield>
  <datafield tag="300" ind1=" " ind2=" ">
    <subfield code="a">volumen :</subfield>
    <subfield code="b">ilustraciones, gr&#xE1;ficos, mapas ;</subfield>
    <subfield code="c">28 x 21 cm.</subfield>
  </datafield>
  <datafield tag="310" ind1=" " ind2=" ">
    <subfield code="a">Anual.</subfield>
  </datafield>
  <datafield tag="336" ind1=" " ind2=" ">
    <subfield code="a">texto </subfield>
    <subfield code="b">txt </subfield>
    <subfield code="2">rdacontent</subfield>
  </datafield>
  <datafield tag="337" ind1=" " ind2=" ">
    <subfield code="a">sin mediaci&#xF3;n </subfield>
    <subfield code="b">n </subfield>
    <subfield code="2">rdamedia</subfield>
  </datafield>
  <datafield tag="338" ind1=" " ind2=" ">
    <subfield code="a">volumen </subfield>
    <subfield code="b">nc </subfield>
    <subfield code="2">rdacarrier</subfield>
  </datafield>
  <datafield tag="362" ind1=" " ind2=" ">
    <subfield code="a">(Julio 2024).</subfield>
  </datafield>
  <datafield tag="500" ind1=" " ind2=" ">
    <subfield code="a">Catalogaci&#xF3;n basada en: (Julio 2024).</subfield>
  </datafield>
  <datafield tag="500" ind1=" " ind2=" ">
    <subfield code="a">Informe del registro sociodemogr&#xE1;fico de los dominicanos residentes en el exterior 2024.</subfield>
  </datafield>
  <datafield tag="520" ind1=" " ind2=" ">
    <subfield code="a">El Registro Sociodemogr&#xE1;fico de los dominicanos en el exterior es una innovadora herramienta que recoge datos importantes sobre la di&#xE1;spora dominicana global. Esta iniciativa, liderada por la Direcci&#xF3;n de Investigaci&#xF3;n y Estudio del Viceministerio para las Comunidades Dominicanas en el Exterior, tiene implicaciones tanto en el &#xE1;mbito acad&#xE9;mico como en la formulaci&#xF3;n de pol&#xED;ticas por parte del Ministerio de Relaciones Exteriores y otras entidades nacionales.</subfield>
  </datafield>
  <datafield tag="650" ind1=" " ind2="7">
    <subfield code="a">Di&#xE1;spora</subfield>
    <subfield code="z">Rep&#xFA;blica Dominicana</subfield>
    <subfield code="9">185594</subfield>
  </datafield>
  <datafield tag="650" ind1=" " ind2="7">
    <subfield code="a">Ciencias sociales</subfield>
    <subfield code="9">185595</subfield>
  </datafield>
  <datafield tag="650" ind1=" " ind2="7">
    <subfield code="a">Investigaci&#xF3;n demogr&#xE1;fica</subfield>
    <subfield code="9">90884</subfield>
  </datafield>
  <datafield tag="651" ind1=" " ind2="7">
    <subfield code="a">Rep&#xFA;blica Dominicana</subfield>
    <subfield code="x">Emigraci&#xF3;n e inmigraci&#xF3;n</subfield>
    <subfield code="v">Informes</subfield>
    <subfield code="9">185596</subfield>
  </datafield>
  <datafield tag="651" ind1=" " ind2="7">
    <subfield code="a">Caribe (Regi&#xF3;n) </subfield>
    <subfield code="x">Emigraci&#xF3;n e inmigraci&#xF3;n</subfield>
    <subfield code="9">89411</subfield>
  </datafield>
  <datafield tag="651" ind1=" " ind2="7">
    <subfield code="a">Am&#xE9;rica Latina </subfield>
    <subfield code="x">Emigraci&#xF3;n e inmigraci&#xF3;n </subfield>
    <subfield code="v">Estad&#xED;sticas</subfield>
    <subfield code="9">89412</subfield>
  </datafield>
  <datafield tag="655" ind1=" " ind2="7">
    <subfield code="a">Publicaciones peri&#xF3;dicas</subfield>
    <subfield code="9">185572</subfield>
  </datafield>
  <datafield tag="710" ind1="2" ind2=" ">
    <subfield code="a">Instituto de Dominicanos y Dominicanas en el Exterior (INDEX)</subfield>
    <subfield code="e">autor</subfield>
    <subfield code="9">185573</subfield>
  </datafield>
  <datafield tag="710" ind1="2" ind2=" ">
    <subfield code="a">Ministerio de Relaciones Exteriores (MIREX)</subfield>
    <subfield code="e">autor</subfield>
    <subfield code="9">185574</subfield>
  </datafield>
  <datafield tag="942" ind1=" " ind2=" ">
    <subfield code="2">ddc</subfield>
    <subfield code="c">ISSUE</subfield>
  </datafield>
  <datafield tag="952" ind1=" " ind2=" ">
    <subfield code="0">0</subfield>
    <subfield code="1">0</subfield>
    <subfield code="2">ddc</subfield>
    <subfield code="4">0</subfield>
    <subfield code="5">6</subfield>
    <subfield code="7">0</subfield>
    <subfield code="8">SE</subfield>
    <subfield code="a">BNPHU</subfield>
    <subfield code="b">BNPHU</subfield>
    <subfield code="d">2026-04-27</subfield>
    <subfield code="h">Julio 2024</subfield>
    <subfield code="l">0</subfield>
    <subfield code="p">2026-3238</subfield>
    <subfield code="r">2026-04-27</subfield>
    <subfield code="t">e.1</subfield>
    <subfield code="w">2026-04-27</subfield>
    <subfield code="y">ISSUE</subfield>
    <subfield code="z">Disponible para consulta en: Hemeroteca.</subfield>
  </datafield>
  <datafield tag="952" ind1=" " ind2=" ">
    <subfield code="0">0</subfield>
    <subfield code="1">0</subfield>
    <subfield code="2">ddc</subfield>
    <subfield code="4">0</subfield>
    <subfield code="5">6</subfield>
    <subfield code="7">0</subfield>
    <subfield code="8">SE</subfield>
    <subfield code="a">BNPHU</subfield>
    <subfield code="b">BNPHU</subfield>
    <subfield code="d">2026-04-27</subfield>
    <subfield code="h">Julio 2024</subfield>
    <subfield code="l">0</subfield>
    <subfield code="p">2026-3239</subfield>
    <subfield code="r">2026-04-27</subfield>
    <subfield code="t">e.2</subfield>
    <subfield code="w">2026-04-27</subfield>
    <subfield code="y">ISSUE</subfield>
    <subfield code="z">Disponible para consulta en: Hemeroteca.</subfield>
  </datafield>
  <datafield tag="952" ind1=" " ind2=" ">
    <subfield code="0">0</subfield>
    <subfield code="1">0</subfield>
    <subfield code="2">ddc</subfield>
    <subfield code="4">0</subfield>
    <subfield code="5">6</subfield>
    <subfield code="7">0</subfield>
    <subfield code="8">SE</subfield>
    <subfield code="a">BNPHU</subfield>
    <subfield code="b">BNPHU</subfield>
    <subfield code="d">2026-04-27</subfield>
    <subfield code="h">Julio 2024</subfield>
    <subfield code="l">0</subfield>
    <subfield code="p">2026-3240</subfield>
    <subfield code="r">2026-04-27</subfield>
    <subfield code="t">e.3</subfield>
    <subfield code="w">2026-04-27</subfield>
    <subfield code="y">ISSUE</subfield>
    <subfield code="z">Disponible para consulta en: Hemeroteca.</subfield>
  </datafield>
  <datafield tag="999" ind1=" " ind2=" ">
    <subfield code="c">60622</subfield>
    <subfield code="d">60622</subfield>
  </datafield>
</record>
